Ca trù - nhạc thơ Hân Thưởng
Giới thiệu ca trù - di sản văn hoá nhân loại. Một số bài hát nói và bài thơ theo lối ca trù được sáng tác nhân dịp Hội Bảo tồn di sản chữ Nôm, Mỹ tặng Giải thưởng Balaban cho học giả Nguyễn Quảng Tuân năm 2010
Đã lưu trong:
| Tác giả chính: | |
|---|---|
| Định dạng: | Sách |
| Ngôn ngữ: | Vietnamese |
| Được phát hành: |
Tp. Hồ Chí Minh
Nxb. Tp. Hồ Chí Minh
2011
|
| Những chủ đề: | |
| Các nhãn: |
Thêm thẻ
Không có thẻ, Là người đầu tiên thẻ bản ghi này!
|
| Thư viện lưu trữ: | Mạng thư viện Đại học Đà Nẵng |
|---|
| LEADER | 01503aam a22003738a 4500 | ||
|---|---|---|---|
| 001 | 000019731 | ||
| 003 | 16170 | ||
| 005 | 20141103141135.0 | ||
| 008 | 140820s2011 viesd | ||
| 020 | |c 48000đ |d 500b | ||
| 041 | 0 | |a vie | |
| 082 | 1 | 4 | |2 14 |a 781.62009597 |b NG-T |
| 100 | 1 | |a Nguyễn Quảng Tuân | |
| 245 | 1 | 0 | |a Ca trù - nhạc thơ Hân Thưởng |c Nguyễn Quảng Tuân |
| 260 | |a Tp. Hồ Chí Minh |b Nxb. Tp. Hồ Chí Minh |c 2011 | ||
| 300 | |a 247 tr. |b ảnh |c 21 cm. | ||
| 520 | |a Giới thiệu ca trù - di sản văn hoá nhân loại. Một số bài hát nói và bài thơ theo lối ca trù được sáng tác nhân dịp Hội Bảo tồn di sản chữ Nôm, Mỹ tặng Giải thưởng Balaban cho học giả Nguyễn Quảng Tuân năm 2010 | ||
| 650 | 0 | 4 | |2 Bộ TK TVQG |a Âm nhạc dân gian |x Ca trù |
| 650 | 7 | |2 Bộ TK TVQG | |
| 650 | 7 | |2 Bộ TK TVQG | |
| 651 | 7 | |2 Bộ TK TVQG |a Việt Nam | |
| 653 | |a Ca trù | ||
| 653 | |a Nhạc thơ Hân Thưởng | ||
| 653 | |a Âm nhạc dân gian | ||
| OWN | |a LSP | ||
| AVA | |a UDN50 |b LSP |d 781.62009597 NG-T |e available |t Error 5001 Not defined in file expand_doc_bib_avail. |f 5 |g 0 |h N |i 0 |k 1 | ||
| 999 | |a From the UDN01 | ||
| AVA | |a UDN50 |b LSP |d 781.62009597 NG-T |e available |t Error 5001 Not defined in file expand_doc_bib_avail. |f 5 |g 0 |h N |i 0 |k 1 | ||
| TYP | |a Monograph | ||
| TYP | |a Printed language | ||
| 980 | |a Mạng thư viện Đại học Đà Nẵng | ||